000 00569nam a22002291c 4500
001 a987690478
008 180905s1988 gw |||| 000u ger d
020 _a3921226295
_93-921-226-29-5
041 _ager
100 1 _aHolzweißig, Gunter
245 0 0 _aSport und Politik in der DDR
264 _aBerlin :
_bHolzapfel,
_c1988
300 _a148 Seiten
650 0 _aInnerdeutscher Sportverkehr
650 0 _aPolitik
650 0 _aSport
650 0 _aSportpolitik
651 0 _aDeutschland (DDR)
942 _cMG
040 _cRU-10907106
003 RU-10907106
999 _c50498
_d50498